000 00903nas a2200313 4500
001 BR0401906
003 BR-BrBNA
005 20231205104455.0
007 ta
008 230509b bl.|||p| |||| 00| 00por d
040 _aBR-BrBNA
_bpor
_cBiblioteca Nacional de Agricultura
041 _a(Pt)
072 _aF62; F01
100 1 _aScalon, S. de P.Q.
100 1 _aMussury, R.M.
100 1 _aRigoni, M.R.
100 1 _aVeraldo, F.
245 1 _aCrescimento inicial de mudas de espécies florestais nativas sob diferentes níveis de sombreamento
650 _aSIBIPIRUNA
650 _aINGÁ
650 _aAMENDOIM BRAVO
650 _aMUDA
650 _aCRESCIMENTO
650 _aSOMBREAMENTO
650 _aSEMENTE
773 0 _tRevista Árvore (Brazil)
_xISSN 0100-6762
_g(Jan-Feb 2002), v. 26(1) p. 1-5
_wBR0401906
909 _a202311
_bLúcia
_c55
_dLúcia Elande
942 _2AGRIS
_n0
_cANA
999 _c178309
_d178309